Mein kampf / (Record no. 83933)

MARC details
000 -LEADER
fixed length control field 00485nam a22001817a 4500
005 - DATE AND TIME OF LATEST TRANSACTION
control field 20140605171651.0
010 ## - LCCN (DPL NO)
LC control number ENG-109909
020 ## - INTERNATIONAL STANDARD BOOK NUMBER
International Standard Book Number 9788121618809
Terms of availability 225.00
035 ## - SYSTEM CONTROL NUMBER
System control number EN-93442
037 ## - SOURCE OF ACQUISITION
Source of stock number/acquisition DBAD/PUB
082 ## - DEWEY DECIMAL CLASSIFICATION NUMBER
Classification number 943.086092
100 ## - MAIN ENTRY--PERSONAL NAME
Personal name Hitler, Adolf
245 00 - TITLE STATEMENT
Title Mein kampf /
Statement of responsibility, etc by Adolf Hitler
260 ## - PUBLICATION, DISTRIBUTION, ETC. (IMPRINT)
Place of publication, distribution, etc Noida
Name of publisher, distributor, etc Main Street
Date of publication, distribution, etc 2013
270 ## - ADDRESS
Address E-14,Sector-11
City Noida
Postal code 110003
300 ## - PHYSICAL DESCRIPTION
Extent 598p.
Dimensions 22cm(pbk)
942 ## - ADDED ENTRY ELEMENTS (KOHA)
Source of classification or shelving scheme Dewey Decimal Classification
Item type English Books
Call number suffix HIT
Classification part 943.086092
Holdings
Withdrawn status Lost status Not for loan Collection code Home library Current library Date acquired Source of acquisition Cost, normal purchase price Full call number Barcode Copy number Cost, replacement price Koha item type
    Not For Loan Non-fiction D.B.Act.Division D.B.Act.Division 02/05/2014 DBAD / PUB 225.00 943.086092 HIT EN-93442 1 225.00 English Books

© Delhi Public Library
Hit Counter
free hit counter